000 00694nam a2200253Ia 4500
003 OSt
005 20220918221630.0
006 a|||||r|||| 00| 0
007 ta
008 220917b |||||||| |||| 00| 0 eng d
024 _a202,263
037 _cTextual
040 _aARTS
_cARTS
_beng
041 _2eng
_aeng
082 _aO111,3N06,17, N9
100 _aNarayan R. K.
_912238
245 0 _aTown called Malgudi
260 _aDelhi
_bViking (Penguin books)
_c1999
300 _axxii, 642 p
_ccm.
650 _aENGLISH LITERATURE
700 _a Krishnan S.
_9141006
942 _hO111,3N06,17, N9
_cTEXL
_2CC
999 _c273161
_d273161